000 00966nas a2200301 4500
001 BR2017001941
003 BR-BrBNA
005 20231205131026.0
007 ta
008 230509b bl.|||p| |||| 00| 00por d
040 _aBR-BrBNA
_bpor
_cBiblioteca Nacional de Agricultura
041 _a(En)
072 _aU40; K10
100 1 _aSilva, E.A.
100 1 _aTramontina, J.
100 1 _aAlba, E.
100 1 _aGoergen, L.C. de G.
100 1 _aFinger, A.P.
100 1 _aPereira, R.S.
245 1 _aForest cover analysis through the weights of evidence method in the region Campanha Ocidental - RS (Brazil)
650 _aFLORESTA
650 _aCOBERTURA VEGETAL
650 _aSENSORIAMENTO REMOTO
773 0 _tRevista Árvore (Brazil)
_xISSN 1806-9088
_g(2017), v. 41(1) p. 1-8
_wBR2017001941
856 4 0 _uhttp://www.scielo.br/pdf/rarv/v41n1/1806-9088-rarv-41-01-e410105.pdf
909 _a202311
_bLúcia
_c55
_dLúcia Elande
942 _2AGRIS
_n0
_cANA
999 _c252652
_d252652